000 00702nam a2200241Ia 4500
005 20260430150118.0
008 008 250103s9999 xx 000 0 eng d
037 _aTheses
040 _aCRL
040 _beng
040 _ceng
041 _2eng
041 _aeng
084 _qCRL
100 _aGarg Charu Au.; Gupta Alka Gu.; Sharma Ashwani Kumar Gu.
_91236492
245 0 _aDesign and Development of Modified Amino Acids Containing Peptide Based Nanostructures for Biomedical Applications
260 _c2022
300 _a141p.
650 _aChemistry
700 _aUniversity of Delhi. Faculty of Science. Deptt. of Chemistry
_91236464
942 _cTH
999 _c1848974
_d1848974